Problems of Young Generation in the European Union and Slovakia in the Context of the Europe 2020 Startegy

Saved in:
Bibliographic Details
Main Author: Strelinger, Ján, 1964-
Format: Book Chapter
Language:English
Subjects:
Tags: Add Tag
No Tags, Be the first to tag this record!

MARC

LEADER 00000naa$a2200000$$$4500
001 0223919
005 20240502083557.3
041 0 |a eng 
044 |a DE 
245 1 0 |a Problems of Young Generation in the European Union and Slovakia in the Context of the Europe 2020 Startegy  |c Ján Strelinger 
610 2 0 |a generácie 
610 2 0 |a Európska únia 
610 2 0 |a Slovensko 
610 2 0 |a nezamestnanosť 
610 2 0 |a trh práce 
610 2 0 |a začlenenie sociálne 
610 2 0 |a diskriminácia 
100 1 |a Strelinger, Ján, 1964-